000 00613nam a2200241Ia 4500
003 OSt
005 20221005115220.0
006 a|||||r|||| 00| 0
007 ta
008 221004b |||||||| |||| 00| 0 eng d
024 _a34659
037 _cTextual
040 _aCRL
_cCRL
_beng
041 _2eng
_aeng
082 _aZe3:M52n, J2
110 _aCouncil of legal education(London).
_9627273
245 0 _aCalendar 1951-52
260 _c1952
650 _aLAW
700 _aCouncil of legal education(London).
_9627274
942 _hZe3:M52n, J2
_cTEXL
_2cc
999 _c1033817
_d1033817